[Event "Karnataka State Open-ch 2018"]
[Site "Bengaluru"]
[Date "2018.04.18"]
[Round "10"]
[White "Gavi, Siddayya"]
[Black "Rakshith Srinivasan"]
[Result "1-0"]
[WhiteElo "1993"]
[BlackElo "1597"]
[Annotator "NA RC"]
[PlyCount "131"]
[EventDate "2018.??.??"]
[EventType "swiss"]
[EventCountry "IND"]
[SourceTitle "playchess.com"]
[Source "ChessBase"]
[SourceQuality "1"]
[TimeControl "5400+30"]

{[%evp 15,123,16,39,16,16,0,0,0,32767,32767,32767,32767,32767,32767,32767,32767,32767,32767,3,0,42,47,61,65,62,81,107,68,83,81,75,77,88,98,135,72,72,40,68,66,67,41,45,34,67,67,79,74,84,74,85,75,91,34,130,64,153,181,192,189,214,197,195,216,219,193,32767,32767,32767,264,32767,32767,32767,32767,219,162,618,702,32767,32767,32767,32767,32767,150,187,158,156,230,172,117,212,171,32767,270,355,378,315,32767,32767,32767,32767,32767,181,0,32767,32767,32767,32767,855,475]} 1. e4 {[%emt 0:00:00]} e5 {[%emt 0:00:01]} 2. Nf3 {[%emt 0:00:00]} Nc6 {[%emt 0:00:05]} 3. Bb5 {[%emt 0:00:00]} a6 {[%emt 0:00:03]} 4. Ba4 {[%emt 0:00:03]} Nf6 {[%emt 0:00:03]} 5. O-O {[%emt 0:00:14]} Be7 {[%emt 0:00:03]} 6. Re1 {[%emt 0:00:16]} b5 {[%emt 0:00:03]} 7. Bb3 {[%emt 0:00:06]} d6 {[%emt 0:00:03]} 8. c3 {[%emt 0:00:28]} O-O {[%emt 0:00:04]} 9. d4 {[%emt 0:01:44]} Bg4 {[%emt 0:00:07]} 10. d5 {[%emt 0:00:07]} Na5 {[%emt 0:00:38]} 11. Bc2 {[%emt 0:00:10] LiveBook: 1182 Games} c6 {[%emt 0:00:48]} 12. dxc6 {[%emt 0:00:26]} Nxc6 {[%emt 0:00:27]} 13. h3 {[%emt 0:00:31]} Bh5 {[%emt 0:00:19]} 14. Bg5 {[%emt 0:01:12]} Qc7 {[%emt 0:01:32]} 15. Nbd2 {[%emt 0:00:51]} Rfd8 {[%emt 0:01:11]} 16. Bxf6 {[%emt 0:00:38]} Bxf6 {[%emt 0:00:11]} 17. Nf1 {[%emt 0:00:07]} Bxf3 {[%emt 0:07:38]} 18. Qxf3 {[%emt 0:01:32]} Bg5 {[%emt 0:02:06]} 19. Bb3 {[%emt 0:01:17]} Na5 {[%emt 0:04:20]} 20. Bd5 {[%emt 0:02:56]} Ra7 {[%emt 0:02:19]} 21. Rad1 {[%emt 0:01:59]} Bf4 {[%emt 0:01:45]} 22. Rd3 {[%emt 0:02:17]} Nc4 {[%emt 0:01:59]} 23. Qe2 {[%emt 0:00:22]} Qc5 {[%emt 0:01:16]} 24. Red1 {[%emt 0:00:59]} Rad7 {[%emt 0:00:18]} 25. Ng3 {[%emt 0:01:51]} g6 {[%emt 0:05:04]} 26. Qc2 {[%emt 0:02:11]} Bxg3 {[%emt 0:02:55]} 27. Rxg3 {[%emt 0:00:03]} Nb6 {[%emt 0:00:26]} 28. Qb3 {[%emt 0:00:42]} Nxd5 {[%emt 0:02:25]} 29. Rxd5 {[%emt 0:00:07]} Qc6 {[%emt 0:00:19]} 30. Rgd3 {[%emt 0:00:15]} Kg7 {[%emt 0:02:51]} 31. Rd2 {[%emt 0:03:02]} h6 {[%emt 0:09:02]} 32. Qc2 {[%emt 0:01:57]} Qc4 {[%emt 0:01:34]} 33. b3 {[%emt 0:00:13]} Qc7 {[%emt 0:03:02]} 34. Qd3 {[%emt 0:00:29]} (34. c4 $16) 34... Kf8 {[%emt 0:01:08]} (34... Rc8 $14) 35. Rc2 {[%emt 0:00:25]} f6 {[%emt 0:06:02]} ({Black should try} 35... Rc8 $14) 36. c4 {[%emt 0:02:33]} bxc4 {[%emt 0:03:53]} 37. Rxc4 {[%emt 0:02:32]} Qb6 {[%emt 0:06:34]} 38. Qc3 {[%emt 0:00:38]} Ke7 {[%emt 0:01:45]} 39. Rc6 {[%emt 0:02:22]} Qb7 {[%emt 0:00:04]} 40. Qc4 {[%emt 0:00:11]} Ra8 {[%emt 0:00:35]} 41. Ra5 {[%emt 0:00:43]} h5 {[%emt 0:00:40]} 42. b4 {[%emt 0:00:52]} ({Don't do} 42. Raxa6 $6 Rxa6 43. Rxa6 Rc7 $16) 42... Rb8 {[%emt 0:00:58]} 43. a3 {[%emt 0:00:09]} Ra8 {[%emt 0:00:02]} 44. Raxa6 {[%emt 0:00:10]} Rxa6 {[%emt 0:00:08]} 45. Qxa6 {[%emt 0:00:09]} Qb8 $2 {[%emt 0:01:06]} (45... Qxa6 46. Rxa6 Rc7) 46. Rc8 {[%emt 0:00:27]} Qa7 {[%emt 0:00:40]} 47. Qxa7 {[%emt 0:02:00]} Rxa7 {[%emt 0:00:01]} 48. Rc3 {[%emt 0:00:03]} f5 {[%emt 0:00:11] [#]} 49. f3 $1 {[%emt 0:00:54]} d5 {[%emt 0:01:03]} 50. exd5 {[%emt 0:00:53]} Kd6 {[%emt 0:00:02]} 51. Kf2 {[%emt 0:00:17]} Kxd5 {[%emt 0:00:06]} 52. Ke3 {[%emt 0:00:08]} g5 {[%emt 0:00:58]} 53. Kd3 {[%emt 0:00:55]} Ra8 {[%emt 0:04:46] [#]} 54. b5 $1 {[%emt 0:01:59]} Ra7 {[%emt 0:10:13]} 55. g4 {[%emt 0:03:21]} hxg4 {[%emt 0:01:29]} 56. hxg4 {[%emt 0:00:04]} e4+ {[%emt 0:00:46]} 57. fxe4+ {[%emt 0:00:06]} fxe4+ {[%emt 0:00:02]} 58. Ke3 {[%emt 0:04:00]} Rh7 {[%emt 0:02:32]} 59. b6 $2 {[%emt 0:00:19]} (59. a4 $18) 59... Rh3+ {[%emt 0:00:24]} 60. Kd2 {[%emt 0:00:10]} Rh2+ {[%emt 0:00:08]} 61. Kc1 {[%emt 0:00:15]} Kd4 $2 {[%emt 0:02:34]} 62. Rc8 $18 {[%emt 0:00:45]} e3 {[%emt 0:00:34]} 63. b7 {[%emt 0:00:11]} e2 {[%emt 0:00:06]} 64. Kd2 {[%emt 0:00:15]} e1=Q+ {[%emt 0:01:21]} 65. Kxe1 {[%emt 0:00:06]} Ke3 {[%emt 0:00:03]} 66. Re8+ {[%emt 0:00:07]} 1-0

[Event "Karnataka State Open-ch 2018"]
[Site "Bengaluru"]
[Date "2018.04.18"]
[Round "10"]
[White "Santoshkashyap, HG."]
[Black "Chirag Mudraje"]
[Result "1-0"]
[WhiteElo "1929"]
[BlackElo "1641"]
[Annotator "NA RC"]
[PlyCount "73"]
[EventDate "2018.??.??"]
[EventType "swiss"]
[EventCountry "IND"]
[SourceTitle "playchess.com"]
[Source "ChessBase"]
[SourceQuality "1"]
[TimeControl "5400+30"]

{[%evp 8,73,23,18,54,11,117,147,140,33,133,58,39,33,24,12,47,0,35,16,122,61,108,106,108,32767,74,29,37,31,32767,40,106,32767,100,91,258,235,243,233,275,257,257,257,260,256,823,409,451,484,452,436,432,427,500,447,531,293,520,550,526,607,720,627,627,659,29995,29996]} 1. d4 {[%emt 0:00:00]} Nf6 {[%emt 0:00:38]} 2. Nf3 {[%emt 0:00:00]} d5 {[%emt 0:00:21]} 3. c4 {[%emt 0:00:01]} e6 {[%emt 0:00:25]} 4. Nc3 {[%emt 0:00:07]} Be7 {[%emt 0:00:50]} 5. Bf4 {[%emt 0:00:09]} Nbd7 {[%emt 0:01:37]} 6. e3 {[%emt 0:00:33]} b6 {[%emt 0:06:31] [#]} (6... O-O $11) 7. cxd5 $1 {[%emt 0:00:53]} exd5 {[%emt 0:00:52]} 8. Bd3 {[%emt 0:01:16]} ({Better is} 8. Qa4 $16) 8... Bb7 {[%emt 0:02:39]} (8... O-O $14) 9. O-O {[%emt 0:00:09]} (9. Nb5 $16 O-O 10. Bxc7 (10. Nxc7 Rc8 $16) 10... Bb4+ 11. Ke2) 9... O-O {[%emt 0:06:49]} 10. Rc1 {[%emt 0:06:10]} c5 {[%emt 0:06:18]} 11. Ne5 {[%emt 0:02:36]} Nxe5 {[%emt 0:09:05] LiveBook: 3 Games} 12. Bxe5 {[%emt 0:09:21] D37: Queen's Gambit Declined: 5 Bf4} (12. dxe5 Ne4 13. Nxe4 dxe4 14. Bc4 Qxd1 15. Rfxd1 Rfd8 16. e6 fxe6 17. Bxe6+ Kf8 18. Bc7 Rd3 19. Bc4 Rxd1+ 20. Rxd1 {1-0 (55) Pavlovic,M (2569)-Jakovenko,D (2564) Dos Hermanas 2004}) 12... g6 {[%emt 0:04:37]} (12... c4 $5 {[%cal Rc4d3]} 13. Bc2 Qd7 $11) 13. Qf3 {[%emt 0:13:29]} Ne8 {[%emt 0:08:37]} ({Black should try} 13... Rc8 $14) 14. Rfd1 $146 {[%emt 0:00:22]} ({Predecessor:} 14. g4 f6 15. Bg3 Ng7 16. e4 dxe4 17. Bxe4 Bxe4 18. Qxe4 {0-1 (34) Winter,K-Mueller,M (2300) Dresden 1993}) 14... Bf6 {[%emt 0:06:21]} 15. Bc4 {[%emt 0:06:45]} cxd4 {[%emt 0:11:09]} 16. exd4 {[%emt 0:00:25]} Bg5 {[%emt 0:07:46]} 17. Rb1 {[%emt 0:05:55]} ({Much worse is} 17. Nxd5 Rc8 $15) 17... Rc8 {[%emt 0:00:57]} 18. Bb3 {[%emt 0:01:59]} Nc7 {[%emt 0:03:25]} 19. g3 {[%emt 0:09:27]} Ba8 {[%emt 0:04:45]} (19... Bh6 $14) 20. h4 {[%emt 0:00:41]} Be7 {[%emt 0:03:27]} 21. Rbc1 {[%emt 0:06:26]} a6 $2 {[%emt 0:06:25] [#]} (21... Bd6 $16) 22. Na4 $1 {[%emt 0:03:01]} Bd6 {[%emt 0:02:35]} 23. Nxb6 {[%emt 0:01:03]} Rb8 {[%emt 0:00:09]} 24. Nxa8 {[%emt 0:00:11]} ({Don't do} 24. Nxd5 $6 Nxd5 25. Bxd5 Bxd5 $16) 24... Rxa8 {[%emt 0:00:08]} 25. Rc6 {[%emt 0:01:11]} Bxe5 {[%emt 0:00:43]} 26. dxe5 {[%emt 0:00:08]} d4 $2 {[%emt 0:00:53]} (26... Rb8 27. h5 Qd7) 27. Rd6 {[%emt 0:00:14]} (27. h5 $142 gxh5 28. Qxh5) 27... Qe7 {[%emt 0:00:13]} 28. R6xd4 {[%emt 0:08:02]} Qxe5 {[%emt 0:00:19]} 29. Rd7 {[%emt 0:00:07]} Ne6 {[%emt 0:00:55] [#]} 30. Rxf7 $1 {[%emt 0:00:17]} Rxf7 {[%emt 0:00:16]} 31. Qxa8+ {[%emt 0:00:05]} Kg7 {[%emt 0:00:15]} 32. Qd5 {[%emt 0:03:44]} Qxb2 $2 {[%emt 0:01:21]} (32... Qxd5 {was called for.} 33. Rxd5 Rc7) 33. Qxe6 {[%emt 0:00:43]} Qxf2+ {[%emt 0:00:39]} 34. Kh1 {[%emt 0:00:04]} Qf3+ {[%emt 0:00:44]} 35. Kh2 {[%emt 0:00:06]} Qf2+ {[%emt 0:00:48]} 36. Kh3 {[%emt 0:00:06]} Rf3 {[%emt 0:00:12]} 37. Rd7+ {[%emt 0:00:36]} 1-0

[Event "Karnataka State Open-ch 2018"]
[Site "Bengaluru"]
[Date "2018.04.18"]
[Round "10"]
[White "Isha, Sharma"]
[Black "Stany, G.A."]
[Result "0-1"]
[WhiteElo "1926"]
[BlackElo "2493"]
[Annotator "TA"]
[PlyCount "96"]
[EventDate "2018.??.??"]
[EventType "swiss"]
[EventCountry "IND"]
[SourceTitle "playchess.com"]
[Source "ChessBase"]
[SourceQuality "1"]

{[%evp 33,96,15,34,-10,0,-74,-72,-127,-108,-106,-120,-162,-193,-180,-184,-179,-179,-181,-156,-229,-102,-100,-76,-108,-116,-82,-96,-209,-143,-137,-29,-19,-28,-33,-25,-22,0,0,-9,-52,-57,-58,-48,-123,-120,-172,-91,-244,-234,-213,-223,-386,-380,-370,-365,-463,-407,-579,-533,-1053,-1016,-1022,-913,-1391,-1332]} 1. e4 e5 2. Nf3 Nc6 3. Bb5 a6 4. Ba4 Nf6 5. O-O Be7 6. Re1 b5 7. Bb3 d6 8. c3 O-O 9. h3 Bb7 10. d4 Re8 11. Ng5 Rf8 12. Nf3 Nd7 13. Nbd2 Bf6 14. Nf1 exd4 {C92: Closed Ruy Lopez: 9...Be6, Karpov and Flohr-Zaitsev Variations} 15. cxd4 Na5 16. Bc2 c5 (16... Re8 17. Rb1 c5 18. d5 Nc4 19. b3 Nce5 20. N3h2 Nb6 21. Ne3 {0-1 (44) Saric,I (2662)-Romanov,E (2626) Mali Losinj 2017}) 17. Bf4 Re8 {LiveBook: 8 Games} 18. Bxd6 {[#] Black must now prevent e5.} Nc4 $146 ({Predecessor:} 18... cxd4 19. Nxd4 Nc4 20. Nf5 g6 21. Nh6+ {1-0 (41) Pirverdiyev,A (2209)-Baron,T (2513) Baku 2014}) 19. Bf4 (19. dxc5 $11 {keeps the balance.} Bxb2 20. Rb1) 19... cxd4 $1 $17 20. Rb1 ({White should play} 20. e5 Bxf3 21. Qxf3 Ndxe5 22. Qb3) 20... Nc5 {And now ...d3 would win.} 21. e5 d3 22. exf6 dxc2 (22... Qxf6 23. Bxd3 Qxf4 24. Rxe8+ Rxe8 25. Bxc4 $15) 23. Qxc2 Be4 (23... Qxf6 24. Bg5 $15) 24. Rxe4 Nxe4 25. fxg7 {Threatening Re1.} Rc8 $1 26. Qb3 {[#]} (26. Re1 $17 Ne5 27. Qd1 Qxd1 28. Rxd1 Nxf3+ 29. gxf3) 26... Nc5 (26... Kxg7 27. Ne3 $15) (26... Nxf2 $1 $19 {[%mdl 512] has better winning chances. Strongly threatening ...Qb6.} 27. Be3 (27. Kxf2 Qb6+) 27... Nxe3 28. Nxe3 Qb6) 27. Qc3 Qd3 28. Qxd3 Nxd3 29. Bg5 Kxg7 30. Ng3 (30. b3 $17 Nce5 31. Nh4) 30... h6 ({Not} 30... Ncxb2 31. Nf5+ Kg6 32. N5h4+ Kg7 33. Nf5+ Kg6 34. N5h4+ Kg7 35. Nf5+ $11) (30... Ndxb2 31. Nh5+ Kf8 32. Nf6 $11) 31. Nf5+ Kg6 (31... Kh7 $1 $17 32. Bxh6 Rc5) 32. Ne7+ $11 {[#]} Rxe7 $1 {[%mdl 512]} 33. Bxe7 Ncxb2 34. Ne5+ Kf5 35. Nxd3 Nxd3 {[%mdl 4096] Endgame KRB-KRN} 36. Rd1 Ke4 37. Rd2 a5 38. g4 ({White should try} 38. Re2+ $15 Kf5 39. g4+ Kg6 40. Rd2) 38... Nf4 $1 $17 39. Bf6 (39. Rb2 $17 {was called for.}) 39... Rc6 ({Don't take} 39... Nxh3+ 40. Kg2 $17) ({Better is} 39... b4 $19 40. Kh2 Rc3 $1 {[%mdl 512]} 41. Rd4+ Kf3) 40. Bb2 $2 (40. Bd8 $17 {is a better defense.}) 40... Kf3 $19 ({Weaker is} 40... Nxh3+ 41. Kg2 $15) 41. Kh2 {[#]} Re6 $1 42. Rc2 $2 (42. a3 {was forced.}) 42... b4 {[%cal Bb5b4,Bb4b3,Bb3b2][%mdl 32]} 43. Bd4 Re2 44. Rc7 Rxa2 45. Rxf7 (45. Re7 $142 Re2 46. Ra7) 45... b3 {Black is clearly winning.} 46. Be3 b2 47. Rb7 Nd3 48. Bxh6 Ra1 {Precision: White = 29%, Black = 57%.} 0-1

[Event "Karnataka State Open-ch 2018"]
[Site "Bengaluru"]
[Date "2018.04.18"]
[Round "10"]
[White "Parthasarathy, R."]
[Black "Yashas, D.."]
[Result "1/2-1/2"]
[WhiteElo "1926"]
[BlackElo "2243"]
[Annotator "TA"]
[PlyCount "42"]
[EventDate "2018.??.??"]
[EventType "swiss"]
[EventCountry "IND"]
[SourceTitle "playchess.com"]
[Source "ChessBase"]
[SourceQuality "1"]

{[%evp 16,42,40,0,100,85,131,29,78,72,71,20,34,21,37,20,27,0,0,0,0,0,0,0,0,0,0,0,0]} 1. e4 d5 2. exd5 Qxd5 3. Nf3 Nf6 4. Nc3 Qd6 5. d4 {[%cal Bd2d4,Bd4d5][%mdl 32]} a6 6. g3 Bg4 7. Bg2 {B01: Scandinavian Defence} Nc6 8. Be3 (8. O-O O-O-O 9. h3 Bh5 10. Bf4 Qb4 11. g4 Bg6 12. a3 Qxb2 13. Qe1 e6 14. Ne5 Nd5 15. Nxd5 exd5 16. Nxc6 bxc6 {1-0 (25) Vovk,A (2635)-Kallai,G (2475) Hungary 2017}) 8... O-O-O 9. O-O {LiveBook: 10 Games. White is slightly better.} (9. h3 $5 {[%cal Rh3g4]} Bh5 10. O-O $11) 9... Qd7 (9... e5 $11 {remains equal.} 10. dxe5 Nxe5) 10. d5 $146 ({Predecessor:} 10. Ne2 h6 11. c4 g5 12. Re1 Qf5 13. Nc3 e5 14. d5 e4 {0-1 (26) Kassis,A (2191)-Nassar,M (2044) Beirut 2013}) 10... Qe8 11. Qe1 (11. h3 $16 Bh5 12. g4) 11... Bxf3 12. Bxf3 Nb4 13. Qd2 (13. Qe2 $16) 13... e6 $11 {[%cal Rb4d5]} 14. Rad1 Nbxd5 15. Nxd5 Nxd5 16. c4 Bb4 {The position is equal.} 17. Qe2 Nxe3 18. Qxe3 {[#] And now Rxd8+ would win.} Qe7 19. Qa7 {[%csl Ga7][%cal Rf3b7]} c6 20. Bxc6 $1 bxc6 21. Qa8+ Kc7 1/2-1/2

[Event "Karnataka State Open-ch 2018"]
[Site "Bengaluru"]
[Date "2018.04.18"]
[Round "10"]
[White "Sudarshan Bhat"]
[Black "Arhan, Chethan Anand"]
[Result "1-0"]
[WhiteElo "1892"]
[BlackElo "1526"]
[Annotator "NA RC"]
[PlyCount "129"]
[EventDate "2018.??.??"]
[EventType "swiss"]
[EventCountry "IND"]
[SourceTitle "playchess.com"]
[Source "ChessBase"]
[SourceQuality "1"]
[TimeControl "5400+30"]

{[%evp 11,128,-7,8,0,32767,16,33,34,79,54,84,94,88,78,90,85,92,11,0,-11,0,2,39,0,32,-24,-16,-34,-23,-8,58,93,199,49,139,32,325,243,403,277,32767,292,295,32767,32767,32767,32767,32767,107,91,98,89,54,94,32767,273,557,92,182,180,175,172,277,203,764,827,1681,1675,1572,1664,1748,1552,1447,1029,1026,1134,1127,1072,993,462,770,508,491,537,564,32767,32767,32767,32767,310,370,377,492,527,509,32767,32767,32767,32767,32767,666,691,532,518,416,361,1295,1691,1366,2177,1201,12812,32767,32767,32767,32767,32767,29981,29999]} 1. e4 {[%emt 0:00:00]} e5 {[%emt 0:00:10]} 2. Nf3 {[%emt 0:00:07]} Nc6 {[%emt 0:00:07]} 3. Bc4 {[%emt 0:00:12]} Bc5 {[%emt 0:00:13]} 4. c3 {[%emt 0:00:21]} Nf6 {[%emt 0:00:09]} 5. d3 {[%emt 0:00:06]} O-O {[%emt 0:00:09]} 6. Bb3 {[%emt 0:00:26]} d6 {[%emt 0:00:36]} 7. Bg5 {[%emt 0:00:31] LiveBook: 40 Games C54: Giuoco Piano: 4 c3 Nf6, main lines with 5 d4 and 5 d3} (7. h3 a6 8. Nbd2 Be6 9. Bc2 d5 10. Qe2 h6 11. g4 Nh7 12. Rg1 d4 13. Nb3 Be7 14. Nxe5 Nxe5 15. Nxd4 c5 16. Nf5 Kh8 {1-0 (35) Duda,J (2678)-Eljanov,P (2741) Germany 2017}) 7... Bg4 {[%emt 0:03:12]} 8. Nbd2 {[%emt 0:00:32]} Qe7 {[%emt 0:07:38]} 9. h3 {[%emt 0:02:51]} Bh5 {[%emt 0:01:43]} 10. Nf1 $146 {[%emt 0:01:06]} ({Predecessor:} 10. g4 Bg6 11. Nf1 Nd8 12. Ne3 c6 13. Nf5 Bxf5 14. gxf5 g6 {½-½ (51) Ungure,L (2019)-Otikova,E (1939) Riga 2014}) 10... Nd8 {[%emt 0:02:10]} 11. Ng3 {[%emt 0:12:47]} Bg6 {[%emt 0:01:04]} 12. Nh4 {[%emt 0:01:03]} Ne6 {[%emt 0:02:24] [#]} 13. Nhf5 $1 {[%emt 0:00:34]} Qd8 {[%emt 0:01:09] [#]} 14. h4 {[%emt 0:10:02]} (14. Bh4 $1 $16) 14... h6 {[%emt 0:01:03]} 15. Bxf6 {[%emt 0:06:10]} Qxf6 {[%emt 0:00:35]} 16. Qf3 {[%emt 0:00:56]} Nf4 {[%emt 0:03:28]} 17. h5 {[%emt 0:06:55]} Bh7 {[%emt 0:01:20]} (17... Bxf5 $5 18. Nxf5 Ne6 $11) 18. Rh4 {[%emt 0:05:23]} Ne6 {[%emt 0:05:56]} 19. Rg4 {[%emt 0:06:09]} Ng5 {[%emt 0:00:10]} 20. Qe2 {[%emt 0:00:21]} Bxf5 {[%emt 0:01:51]} (20... Rae8 $11) 21. Nxf5 {[%emt 0:00:27]} c6 {[%emt 0:01:47] [#]} (21... a5 $14) 22. O-O-O {[%emt 0:05:08]} (22. g3 $1 $18) 22... Kh8 {[%emt 0:02:07]} (22... Rae8 $14) 23. Rf1 {[%emt 0:03:03]} (23. d4 $16 exd4 24. f4 (24. cxd4 Bb6 $14) (24. Nxd4 Rfe8 $11)) 23... g6 $2 {[%emt 0:03:44]} ({Black should play} 23... d5 $14) 24. f4 {[%emt 0:07:35]} exf4 $2 {[%emt 0:01:45]} (24... gxf5 {might work better.} 25. fxg5 hxg5) 25. hxg6 {[%emt 0:01:36]} fxg6 {[%emt 0:00:42]} 26. Nxh6 {[%emt 0:06:31]} Kg7 {[%emt 0:00:25]} 27. Rgxf4 {[%emt 0:03:10]} Qxf4+ {[%emt 0:02:07]} 28. Rxf4 {[%emt 0:00:02]} Rxf4 {[%emt 0:00:18]} 29. Ng4 {[%emt 0:01:16]} Rh8 {[%emt 0:01:02] [#]} 30. g3 {[%emt 0:04:35]} ({Better is} 30. Bd1 $1) 30... Rh1+ {[%emt 0:00:22]} 31. Kc2 {[%emt 0:01:13]} Rff1 {[%emt 0:01:09]} 32. d4 $1 {[%emt 0:00:26]} Rc1+ {[%emt 0:02:18]} 33. Kd3 {[%emt 0:01:48]} Bb6 $2 {[%emt 0:01:34]} (33... d5 {is more resistant.}) 34. Qe3 $2 {[%emt 0:00:58]} (34. Ne3 $18 {is the precise move to win.}) 34... Bd8 {[%emt 0:00:48]} (34... Nf7 $16) 35. Qf4 {[%emt 0:01:15]} Be7 {[%emt 0:00:37] [#]} 36. Ne3 $1 {[%emt 0:02:11]} Rcg1 {[%emt 0:00:46]} 37. Qg4 {[%emt 0:04:23]} d5 $2 {[%emt 0:04:07]} (37... Rh7 38. a3 a6) 38. exd5 {[%emt 0:01:43]} Bf6 {[%emt 0:07:04]} 39. dxc6 {[%emt 0:01:11]} bxc6 {[%emt 0:00:07]} 40. Qd7+ {[%emt 0:00:59]} Kf8 {[%emt 0:00:33]} 41. Qd6+ {[%emt 0:01:00]} Kg7 {[%emt 0:00:40]} 42. Qxc6 {[%emt 0:01:37]} Rh8 {[%emt 0:02:15]} 43. Qd7+ {[%emt 0:00:31]} Kf8 {[%emt 0:00:05]} 44. Qd6+ {[%emt 0:00:21]} Kg7 {[%emt 0:00:25]} 45. Ng4 {[%emt 0:00:52]} (45. Qc7+ $142 Kf8 46. Qb8+ Kg7 47. Qxa7+ Kf8 48. Qc7) 45... Rf8 {[%emt 0:01:00]} (45... Rxg3+ $142 46. Kc4 Rf3) 46. Nxf6 {[%emt 0:00:45]} Rxf6 {[%emt 0:00:04]} 47. Qe7+ {[%emt 0:00:15]} Nf7 {[%emt 0:00:07]} 48. Bxf7 {[%emt 0:00:18]} Rxf7 {[%emt 0:00:07]} 49. Qe5+ {[%emt 0:00:08]} Kh7 {[%emt 0:00:04]} 50. g4 {[%emt 0:01:07]} Rxg4 {[%emt 0:00:22]} 51. d5 {[%emt 0:00:45]} Rf5 {[%emt 0:00:14]} 52. Qe7+ {[%emt 0:00:37]} Kh6 {[%emt 0:00:11]} 53. Qe3+ {[%emt 0:00:42]} Kg7 {[%emt 0:00:08]} 54. Qxa7+ {[%emt 0:00:10]} Kh6 {[%emt 0:00:05]} 55. Qe3+ {[%emt 0:00:13]} Kg7 {[%emt 0:00:14]} 56. Qe7+ {[%emt 0:01:08]} Kh6 {[%emt 0:00:09]} 57. d6 {[%emt 0:00:30]} Rd5+ {[%emt 0:00:43]} 58. Ke3 {[%emt 0:00:22]} Rh5 $2 {[%emt 0:00:08]} (58... Rg3+ 59. Ke4 Rgd3 60. Qf8+ Kh5 61. Qh8+ Kg5) 59. d7 {[%emt 0:00:55]} Rh3+ {[%emt 0:00:17]} 60. Kf2 {[%emt 0:00:10]} Rf4+ {[%emt 0:00:23]} 61. Kg2 {[%emt 0:00:31]} Rd3 {[%emt 0:00:15]} 62. d8=Q {[%emt 0:00:24]} Rxd8 {[%emt 0:00:13]} 63. Qxd8 {[%emt 0:00:08]} Rg4+ {[%emt 0:00:02]} 64. Kf3 {[%emt 0:00:10]} Rg5 {[%emt 0:00:10]} 65. Qh8# {[%emt 0:00:06]} 1-0